00496nam a2200169 a 4500020001800000082001500018100001300033245004100046260003900087300000900126500003500135505001000170700001300180942000700193952010900200999001700309 a978812080854600a181.4bMAS aMasih, Y aIntroduction to Religious Philosophy aDelhi bMotilal Banarsidass c2010 a410p aincludes index and biblioraphy2 aIndex1 aMasih, Y cBK 00104070aHMIbHMId2014-12-20g0.00l17m1o181.4 MASp023943r2025-09-25s2025-07-01w2026-01-16yBK c13896d13896